000 00482nmm a2200181Ia 4500
008 251105s9999||||xx |||||||||||||||||und||
041 _abaq
100 _aZerda, Pablo
245 0 _aAurrealdeko leihoa
264 _a[Madrid, España] :
_bEditorial Saure,
_c2010
300 _a52 páginas
490 _aCompadre
650 _aGraphic novels (Comics)
700 _aZerda, Pablo
700 1 _a Jansain
856 _uhttps://public.digitaliapublishing.com/a/60172
942 _cCF
999 _c72768
_d72768